Actrices de cinéma françaises - choix multiple - Statistiques

Statistiques générales
  • Ce quiz a été pris 497 fois
  • Le résultat moyen est 9 sur 15
Statistiques - réponses
Question Réponse % Correct
"Le fabuleux destin d'Amélie Poulain" - Jean Pierre Jeunet - 2001 Audrey Tautou
98%
"La môme" - Olivier Dahan - 2007 Marion Cotillard
95%
"Nikita" - Luc Besson - 1990 Anne Parillaud
74%
"Belle de jour " - Luis Buñuel - 1967 Catherine Deneuve
71%
"La reine Margot" - Patrice Chéreau - 1994 Isabelle Adjani
66%
"L'effrontée" - Claude Miller - 1985 Charlotte Gainsbourg
62%
"La mariée était en noir" - François Truffaut - 1968 Jeanne Moreau
60%
"Casque d'or" - Jacques Becker - 1952 Simone Signoret
60%
"Lucie Aubrac" - Claude Berri - 1997 Carole Bouquet
54%
"Violette Nozière" - Claude Chabrol - 1978 Isabelle Huppert
48%
"La banquière" - Francis Girod - 1980 Romy Schneider
48%
"La fille de d'Artagnan" - Bertrand Tavernier - 1994 Sophie Marceau
48%
"Babette s'en va-t-en guerre" - Christian Jaque - 1959 Brigitte Bardot
45%
"Camille Claudel,1915" - Bruno Dumont - 2013 Juliette Binoche
29%
"Chloé" - Dennis Berry - 1996 Marion Cotillard
12%
Aucun quiz correspondant
Distribution des résultats
% des personnes avec chaque résultat
Percentile par nombre de réponses
Votre historique - résultats
Vous n’avez pas pris ce quiz